Score 0/50 Timer 05:00
3 Plays Today
% Correct
Dasher
98%
Blitzen
97.7%
Rudolph
96.9%
Vixen
96%
Cupid
95.4%
Jesus
94.4%
Mary
94.3%
Joseph
94.1%
Miracle on 34th Street
92.1%
Shepherd
89.7%
Elvis Presley
89.6%
Button
89.2%
Coal
89.2%
Snow
88.9%
Golden Rings
88.7%
Buon Natale
88.6%
Frohe Weihnachten
88.3%
French Hens
88.3%
Crăciun Fericit
88.3%
Calling Birds
88.2%
Turtle Doves
88.2%
Corn Cob Pipe
88.2%
Partridge in a Pear Tree
88.1%
It's a Wonderful Life
88.1%
Old Silk Hat
87.9%
% Correct
O Come All Ye Faithful
87.7%
Mutlu Noeller
87.6%
Justin Bieber
86.7%
Hark the Herald Angels Sing
86.1%
Polar Express
86%
Tim Allen
85.8%
Bad Santa
85.6%
John Legend
85.3%
Herod
84%
God Rest Ye Merry Gentlemen
83.2%
Tom Hanks
83.2%
Do They Know It's Christmas?
83.1%
Dean Martin
81.8%
John Goodman
81.4%
God Jul
81%
Joy to the World
77.3%
Love Actually
75.7%
Silent Night
74%
Mistletoe and Wine
73.9%
When a Child is Born
73.3%
Stay Another Day
69.9%
Christopher Plummer
66.8%
Saviour's Day
61.3%
John Travolta
61.3%
Tracy Morgan
59.8%
Remove Ads.
Support Sporcle.
Get the best of Sporcle when you Go Orange. This ad-free experience offers more features, more stats, and more fun while also helping to support Sporcle. Thank you for becoming a member.

You're not logged in!

Compare scores with friends on all Sporcle quizzes.
OR
Log In

Show Comments

Extras

Top Quizzes Today


Score Distribution

Your Account Isn't Verified!

In order to create a playlist on Sporcle, you need to verify the email address you used during registration. Go to your Sporcle Settings to finish the process.

Report this User

Report this user for behavior that violates our Community Guidelines.

Details: